Аналитическая химия Жерара и Шанселя. Качественный анализ
| Glavni avtor: | |
|---|---|
| Drugi avtorji: | , |
| Izvleček: | Текст в русской дореформенной орфографии Одобрено цензурою. С. Петербург. 11 мая 1864 года Раздельная пагинация страниц |
| Jezik: | ruščina |
| Izdano: |
Санкт-Петербург, Издание Товарищества "Общественная польза", 1864
|
| Teme: | |
| Format: | MixedMaterials Knjiga |
| KOHA link: | https://koha.lib.tpu.ru/cgi-bin/koha/opac-detail.pl?biblionumber=351223 |
MARC
| LEADER | 00000nam0a2200000 4500 | ||
|---|---|---|---|
| 001 | 351223 | ||
| 005 | 20231102010400.0 | ||
| 035 | |a (RuTPU)RU\TPU\retro\6126 | ||
| 090 | |a 351223 | ||
| 100 | |a 20190516d1864 k y0rusy50 ca | ||
| 101 | 0 | |a rus | |
| 102 | |a RU | ||
| 105 | |a a z 001zy | ||
| 200 | 1 | |a Аналитическая химия Жерара и Шанселя. Качественный анализ |f Ш. Ф. Жерар, Г. Шансель |g пер., доп. и изд. под ред. Д. И. Менделеева | |
| 210 | |a Санкт-Петербург |c Издание Товарищества "Общественная польза" |d 1864 | ||
| 215 | |a VI, 547 с. |c ил. | ||
| 300 | |a Текст в русской дореформенной орфографии | ||
| 300 | |a Одобрено цензурою. С. Петербург. 11 мая 1864 года | ||
| 300 | |a Раздельная пагинация страниц | ||
| 316 | |5 63413507: 15//110 |a На переднем форзаце владельческий экслибрис Библиотеки ТТИ | ||
| 316 | |5 63413507: 15//110 |a На заднем форзаце владельческие рисунки - девушка в платье и с платком; голова лошади и А. С. Пушкина; лошадь, силуэт человека и геометрические фигуры [ипподром или всадник] | ||
| 316 | |5 63413507: 15//110 |a Обрез синего крапления | ||
| 316 | |5 63413507: 15//110 |a Корешок с золотым тиснением | ||
| 316 | |5 63413507: 15//110 |a Цена на тиульном листе 3 р. | ||
| 317 | |5 63413507: 15//110 |a Поступил в НТБ в 1901 г. в составе книжной коллекции в дар от красноярского мецената А. П. Кузнецова | ||
| 320 | |a Подстроч. примеч. | ||
| 517 | 1 | |a Аналитическая химiя |z chu | |
| 606 | 1 | |a Аналитическая химия |2 stltpush |3 (RuTPU)RU\TPU\subj\67454 |9 83247 | |
| 606 | 1 | |a Качественный анализ |2 stltpush |3 (RuTPU)RU\TPU\subj\14163 |9 40626 | |
| 610 | 1 | |a исторический обзор | |
| 610 | 1 | |a лаборатории | |
| 610 | 1 | |a приборы | |
| 610 | 1 | |a механика | |
| 610 | 1 | |a обработка | |
| 610 | 1 | |a реактивы | |
| 610 | 1 | |a реакции | |
| 610 | 1 | |a основания | |
| 610 | 1 | |a кислоты | |
| 610 | 1 | |a испытания | |
| 610 | 1 | |a характеристики | |
| 610 | 1 | |a анализы | |
| 610 | 1 | |a соли | |
| 610 | 1 | |a воды | |
| 610 | 1 | |a газы | |
| 610 | 1 | |a растительные вещества | |
| 610 | 1 | |a белковые вещества | |
| 610 | 1 | |a Коллекция А. П. Кузнецова | |
| 610 | 1 | |a владельческие надписи | |
| 610 | 1 | |a владельческие знаки | |
| 610 | 1 | |a экслибрисы | |
| 675 | |a 543 |v 4 | ||
| 675 | |a 543.061 |v 4 | ||
| 700 | 1 | |a Жерар |b Ш. Ф. |c французский химик |f 1816-1856 |g Шарль Фредерик |2 stltpush |3 (RuTPU)RU\TPU\pers\7106 |9 1298 | |
| 701 | 1 | |a Шансель |b Г. |g Гюстав | |
| 702 | 1 | |a Менделеев |b Д. И. |c учёный-энциклопедист, химик, педагог |c член-корреспондент Петербургской АН |f 1834-1907 |g Дмитрий Иванович |2 stltpush |3 (RuTPU)RU\TPU\pers\1367 |4 340 |4 730 |9 609 | |
| 801 | 1 | |a RU |b 63413507 |c 20190516 | |
| 801 | 2 | |a RU |b 63413507 |c 20210811 |g RCR | |
| 942 | |c BK | ||